000 00501cam a2200193ua 4500
001 2595
008 110912n ii |||gr||||Z||||||asm
040 _cMAIN
082 _a491.451
100 _aGoswami, Upendranath,
_eAuthor.
245 1 _aAsamiya bhasa aru upabhasa
_cby Upendranath Goswami
250 _a1st.
260 _aGuahati:
_bMani Manik prakash,986.
300 _a117p:
_c23cm.
653 _aLanguage
653 _aAssamese language
653 _aAsamiya bhasa aru upabhasa
942 _cBK
999 _c2448
_d2448